[Event "Ch Czechoslovakia"]
[Site "masterchessopen.com Bratislava (Slovakia)"]
[Round "1"]
[White "Ujtelsky Maximilian (CZE)"]
[Black "Fichtl Jiri (CZE)"]
[Result "1-0"]
[WhiteElo "2295"]
[BlackElo "2213"]

1.d4 d5 2.c4 dxc4 3.Nf3 Nf6 4.e3 e6 5.Bxc4 c5 6.O-O a6 7.a4 Nc6 8.Nc3 cxd4
9.exd4 Be7 10.Bg5 O-O 11.Qd2 Bd7 12.Rad1 Rc8 13.Qe2 Qc7 14.d5 Nd8 15.Ba2 Bb4
16.Bxf6 gxf6 17.Ne4 Kg7 18.Rd4 a5 19.Qe3 exd5 20.Nxf6 Bf5 21.Nh5+ Kg8 22.Rg4+
Bg6 23.Qh6 Ne6 24.Nf6+ Kh8 25.Nxh7 f5 26.Nxf8+ {#r} 1-0

[Event "Ch Hungary"]
[Site "masterchessopen.com Budapest (Hungary)"]
[Round "18"]
[White "Kluger Gyula (HUN)"]
[Black "Szily Jozsef (HUN)"]
[Result "1-0"]
[WhiteElo "2250"]
[BlackElo "2390"]

1.d4 d5 2.c4 dxc4 3.Nf3 Nf6 4.e3 e6 5.Bxc4 c5 6.O-O a6 7.e4 Nxe4 8.d5 Nd6
9.dxe6 fxe6 10.Bd3 Be7 11.Qc2 Nf5 12.Rd1 Qc7 13.Bxf5 exf5 14.Nc3 Be6 15.Re1
Bf7 16.Qxf5 O-O 17.Bf4 Bd6 18.Ng5 g6 19.Qh3 h5 20.Ne6 Qd7 21.Bxd6 Qxd6 22.Rad1
Bxe6 23.Rxe6 {#r} 1-0

[Event "Ch URS (team)"]
[Site "masterchessopen.com Leningrad (Russia)"]
[Round "0"]
[White "Zilberman Nathan R (KGZ)"]
[Black "Levin Naum L (AUS)"]
[Result "1-0"]
[WhiteElo "2330"]
[BlackElo "2420"]

1.d4 d5 2.c4 dxc4 3.Nf3 Nf6 4.e3 e6 5.Bxc4 c5 6.O-O a6 7.e4 Nxe4 8.d5 Nd6
9.dxe6 fxe6 10.Bxe6 Bxe6 11.Re1 Kd7 12.Qa4+ Nc6 13.Ne5+ Kc7 14.Nxc6 Qd7 15.Nc3
bxc6 16.Bf4 Bd5 17.b4 c4 18.b5 Kc8 19.bxa6 Nb5 20.Qa5 Nxc3 21.Re8+ {#r} 1-0

[Event "Ch URS (1/2 final)"]
[Site "masterchessopen.com Kharkov (Ukraine)"]
[Round "0"]
[White "Spassky Boris V (FRA)"]
[Black "Nikolaevsky Yuri V (RUS)"]
[Result "1-0"]
[WhiteElo "2548"]
[BlackElo "2315"]

1.d4 d5 2.c4 dxc4 3.Nf3 Nf6 4.e3 e6 5.Bxc4 c5 6.O-O a6 7.a4 cxd4 8.exd4 Nc6
9.Nc3 Be7 10.Be3 O-O 11.Qe2 Nb4 12.Ne5 b6 { ?! } ( { ? } 12...Bd7 13.f4 Rc8 )
13.f4 Nfd5 14.Rad1 Bf6 15.Ne4 Bb7 16.f5 exf5 17.Rxf5 Nxe3 18.Nxf6+ { ! } (
18.Qxe3 Bxe5 19.Rxe5 Bd5 ) 18...gxf6 19.Qxe3 fxe5 { ? } 20.Qxe5 h6 { ? }
21.Rf6 Kh7 ( 21...Nd5 22.Qg3+ Kh7 23.Bd3+ { +?? } ) ( 21...Bd5 22.Rxh6 f6
23.Qg3+ Kf7 24.Rh7+ { +?? } ) 22.Rdf1 Bd5 23.Qf5+ Kg8 24.Qg4+ Kh7 25.Rxh6+ { !
} {#r} 1-0

[Event "?"]
[Site "masterchessopen.com Hamburg (Germany)"]
[Round "0"]
[White "Holm Sejer (DEN)"]
[Black "Radulov Ivan (BUL)"]
[Result "0-1"]
[WhiteElo "2222"]
[BlackElo "2490"]

1.d4 d5 2.c4 dxc4 3.Nf3 Nf6 4.e3 e6 5.Bxc4 c5 6.O-O a6 7.a4 Nc6 8.Qe2 Qc7
9.Nc3 Bd6 10.h3 O-O 11.Rd1 b6 12.d5 exd5 13.Nxd5 Nxd5 14.Bxd5 Bb7 15.e4 Rae8
16.Be3 Bc8 17.Qd2 Rd8 18.Bg5 Rd7 19.Nh4 Nd4 20.Ra3 Bb7 21.Bxb7 Qxb7 22.Re1 f6
23.Be3 Qxe4 24.Bxd4 Qxh4 {#R} 0-1

[Event "It"]
[Site "masterchessopen.com Novi Sad (Yugoslavia)"]
[Round "0"]
[White "Tarjan James E (USA)"]
[Black "Buljovcic Ivan (SCG)"]
[Result "1-0"]
[WhiteElo "2525"]
[BlackElo "2301"]

1.d4 d5 2.c4 dxc4 3.Nf3 Nf6 4.e3 e6 5.Bxc4 c5 6.O-O a6 7.a4 cxd4 8.exd4 Nc6
9.Nc3 Be7 10.Bg5 O-O 11.Re1 b6 12.d5 Nxd5 13.Nxd5 exd5 14.Qxd5 Bxg5 15.Qxg5
Bb7 16.Rad1 Qc7 17.Bd3 g6 18.Qh6 f5 19.Bc4+ Kh8 20.Be6 Rad8 21.Rd7 Rxd7
22.Qxf8# 1-0

[Event "Ch Denmark (juniors)"]
[Site "masterchessopen.com Hinnerup (Denmark)"]
[Round "8"]
[White "Hansen Curt (DEN)"]
[Black "Sorensen Torben (MLT)"]
[Result "1-0"]
[WhiteElo "2619"]
[BlackElo "2358"]

1.d4 d5 2.Nf3 Nf6 3.c4 dxc4 4.e3 e6 5.Bxc4 c5 6.O-O a6 7.a4 Nc6 8.Qe2 cxd4
9.Rd1 Be7 10.exd4 O-O 11.Nc3 Nb4 12.Ne5 Nfd5 13.Bb3 Bd7 14.Qf3 Be8 15.Qh3 Rc8
16.Bd2 Qd6 17.Nxd5 Nxd5 18.Bxd5 exd5 19.Qxc8 Bxa4 20.Qc3 {#r} 1-0

[Event "Ch Cleveland"]
[Site "masterchessopen.com Farum (Denmark)"]
[Round "10"]
[White "Gallmeyer Peter (DEN)"]
[Black "Ernst Thomas (SWE)"]
[Result "0-1"]
[WhiteElo "2235"]
[BlackElo "2401"]

1.d4 Nf6 2.Nf3 d5 3.c4 dxc4 4.e3 e6 5.Bxc4 c5 6.O-O a6 7.a4 Nc6 8.Qc2 cxd4
9.Rd1 Be7 10.exd4 O-O 11.Nc3 Nd5 12.Bd3 Ncb4 13.Qb1 b6 14.Nxd5 Nxd5 15.Ne5 Bb7
{#R} 0-1

[Event "Ch Armenia"]
[Site "masterchessopen.com Yerevan (Armenia)"]
[Round "0"]
[White "Tavadian Hrachik (ARM)"]
[Black "Gezaljan Tigran (ARM)"]
[Result "1-0"]
[WhiteElo "2315"]
[BlackElo "2315"]

1.d4 d5 2.c4 dxc4 3.Nf3 Nf6 4.e3 e6 5.Bxc4 c5 6.O-O a6 7.a4 Nc6 8.Qe2 cxd4
9.Rd1 d3 10.Bxd3 Qc7 11.Nc3 Bc5 12.Bd2 O-O 13.Rac1 Qe7 14.Ng5 Bd7 15.Nxh7 Nxh7
16.Bxh7+ Kxh7 17.Ne4 Bxe3 18.Bxe3 Kg8 19.Bc5 {#r} 1-0

[Event "Ch Manhattan Chess Club"]
[Site "masterchessopen.com New York (USA)"]
[Round "6"]
[White "Goodman David S C (ENG)"]
[Black "Dlugy Maxim (USA)"]
[Result "0-1"]
[WhiteElo "2405"]
[BlackElo "2455"]

1.d4 d5 2.c4 dxc4 3.Nf3 Nf6 4.e3 e6 5.Bxc4 c5 6.O-O a6 7.dxc5 Bxc5 8.a3 Qe7
9.b4 Bd6 10.Bb2 O-O 11.Qe2 b5 12.Bb3 Bb7 13.Nc3 Nbd7 14.e4 Ne5 15.Nd4 Ng6
16.f3 Be5 17.Qf2 Qd6 18.Nce2 Bxh2+ 19.Kh1 Be5 20.Rad1 Qe7 21.Bc2 Nh5 22.Bc1
Ng3+ {#R} 0-1

[Event "It (open)"]
[Site "masterchessopen.com New York (USA)"]
[Round "4"]
[White "Hjartarson Johann (ISL)"]
[Black "Dlugy Maxim (USA)"]
[Result "0-1"]
[WhiteElo "2415"]
[BlackElo "2470"]

1.d4 d5 2.c4 dxc4 3.Nf3 Nf6 4.e3 e6 5.Bxc4 c5 6.O-O a6 7.a4 Nc6 8.Qe2 Qc7
9.Nc3 Be7 10.b3 O-O 11.Bb2 cxd4 12.exd4 Nb4 13.Rac1 Qd8 14.Rfd1 b6 15.Ne5 Bb7
16.Nxf7 Rxf7 17.Bxe6 Nbd5 18.Ne4 Nf4 19.Nxf6+ Kh8 20.Qg4 Nxe6 21.d5 Nf4
22.Qxf4 Bxf6 23.Bxf6 Qxf6 24.Qxf6 gxf6 25.d6 Rc8 {#R} 0-1

[Event "It (open) \"]
[Site "masterchessopen.com Farum (Denmark)"]
[Round "9"]
[White "Riis Soren (DEN)"]
[Black "Jacoby Gisbert (GER)"]
[Result "0-1"]
[WhiteElo "2300"]
[BlackElo "2174"]

1.d4 d5 2.c4 dxc4 3.Nf3 Nf6 4.e3 e6 5.Bxc4 c5 6.O-O a6 7.a4 Nc6 8.Qe2 cxd4
9.Rd1 Be7 10.exd4 O-O 11.Nc3 Nd5 12.Qe4 Nf6 13.Qe2 Nd5 14.Bd3 Ncb4 15.Bb1 b6
16.Ne5 Bb7 17.a5 bxa5 18.Ra3 Rc8 19.Ne4 f5 20.Rh3 Rxc1 21.Rxc1 Nf4 22.Qe3
Nxh3+ 23.Qxh3 Qxd4 24.Nf3 Qxb2 25.Rd1 Qb3 {#R} 0-1

[Event "It"]
[Site "masterchessopen.com Leipzig (Germany)"]
[Round "8"]
[White "Baumstark Gertrude (GER)"]
[Black "Guenther Anetta (GER)"]
[Result "1-0"]
[WhiteElo "2021"]
[BlackElo "2115"]

1.d4 d5 2.c4 dxc4 3.e3 Nf6 4.Bxc4 e6 5.Nf3 c5 6.O-O a6 7.a4 Nc6 8.Qe2 Be7
9.Rd1 Qb6 10.b3 O-O 11.Bb2 Rd8 12.Nc3 cxd4 13.exd4 Nd5 14.Ne5 Nxc3 15.Bxc3
Nxe5 16.Qxe5 a5 17.Rd3 Qd6 18.Rad1 b6 19.Qe4 Rb8 20.d5 exd5 21.Rxd5 Bb7 22.Qd4
Qf6 23.Rxd8+ Bxd8 24.Qe3 Qc6 25.Bd5 Qd7 26.Qg3 {#r} 1-0

[Event "Ch Spain (team)"]
[Site "masterchessopen.com Spain"]
[Round "0"]
[White "Bernal Moro Luis Javier (ESP)"]
[Black "Rubio Purrinos Hugo (ESP)"]
[Result "1-0"]
[WhiteElo "2431"]
[BlackElo "2235"]

1.d4 d5 2.c4 dxc4 3.Nf3 Nf6 4.e3 e6 5.Bxc4 c5 6.O-O a6 7.Bb3 b5 8.a4 Bb7
9.axb5 axb5 10.Rxa8 Bxa8 11.Na3 c4 12.Bc2 Qb6 13.Nxb5 Bb4 14.Na3 c3 15.bxc3
Bxc3 16.Nc4 Qa6 17.Ba4+ Bc6 18.Bxc6+ Qxc6 19.Nfe5 Qc7 20.Ba3 Nd5 21.Nd6+ {#r}
1-0

[Event "It \"]
[Site "masterchessopen.com Trnava (Slovakia)"]
[Round "4"]
[White "Hoi Carsten (DEN)"]
[Black "Cervenka Imrich (SVK)"]
[Result "1-0"]
[WhiteElo "2372"]
[BlackElo "2190"]

1.d4 d5 2.c4 dxc4 3.Nf3 Nf6 4.e3 e6 5.Bxc4 c5 6.O-O a6 7.Nc3 b5 8.Bb3 cxd4
9.exd4 Bb7 10.d5 Nxd5 11.Nxd5 Bxd5 12.Bxd5 Qxd5 13.Qxd5 exd5 14.Re1+ Be7
15.Bf4 Nc6 16.Rac1 Rc8 17.Nd4 Na7 18.Nf5 {#r} 1-0

[Event "Ch Unterfranken"]
[Site "masterchessopen.com Bayern (Germany)"]
[Round "0"]
[White "Wiener Horst (GER)"]
[Black "Reis Thomas (GER)"]
[Result "1-0"]
[WhiteElo "1881"]
[BlackElo "2211"]

1.d4 d5 2.c4 dxc4 3.Nf3 Nf6 4.e3 e6 5.Bxc4 c5 6.O-O a6 7.a4 Nc6 8.Nc3 Be7
9.dxc5 Qa5 10.Bd2 Qxc5 11.Qe2 O-O 12.Rfc1 Qd6 13.e4 e5 14.h3 Be6 15.Bg5 Bxc4
16.Qxc4 Rac8 17.Bxf6 Bxf6 18.Nd5 Ne7 19.Nxe7+ {#r} 1-0

[Event "It (a)"]
[Site "masterchessopen.com Israel"]
[Round "0"]
[White "Kraidman Yair (ISR)"]
[Black "Ben-Menachem Itzhak (ISR)"]
[Result "1-0"]
[WhiteElo "2267"]
[BlackElo "2313"]

1.d4 d5 2.Nf3 Nf6 3.c4 dxc4 4.e3 e6 5.Bxc4 c5 6.O-O a6 7.a4 cxd4 8.exd4 Nc6
9.Nc3 Be7 10.Re1 O-O 11.h3 Nb4 12.Bg5 b6 13.Ne5 Bb7 14.Nxf7 Rxf7 15.Bxe6 Qf8
16.Qb3 a5 17.Re3 Bc8 18.Bc4 Bf5 19.Rae1 Bc2 20.Bxf7+ {#r} 1-0

[Event "?"]
[Site "masterchessopen.com Lvov (Ukraine)"]
[Round "0"]
[White "Moskalenko Viktor (UKR)"]
[Black "Karolyi Tibor Jr (HUN)"]
[Result "1-0"]
[WhiteElo "2475"]
[BlackElo "2475"]

1.d4 d5 2.c4 dxc4 3.Nf3 Nf6 4.e3 e6 5.Bxc4 c5 6.O-O a6 7.Bd3 cxd4 8.exd4 Nc6
9.Nc3 Be7 10.Bg5 Nb4 11.Re1 O-O 12.Bxf6 Bxf6 13.Be4 Qd6 14.Ne5 Nd5 15.Qf3 Nxc3
16.bxc3 Rb8 17.Rad1 b5 18.Rd3 h6 19.Qh5 Bb7 20.Ng4 Bg5 21.Bxb7 Rxb7 22.h4 {#r}
1-0

[Event "It (cat.7)"]
[Site "masterchessopen.com Naleczow (Poland)"]
[Round "10"]
[White "Paunovic Tomislav (SRB)"]
[Black "Szymczak Zbigniew (POL)"]
[Result "1-0"]
[WhiteElo "2420"]
[BlackElo "2279"]

1.d4 d5 2.c4 dxc4 3.Nf3 Nf6 4.e3 e6 5.Bxc4 c5 6.O-O a6 7.Bd3 Nc6 8.Nc3 cxd4
9.exd4 Be7 10.Bg5 O-O 11.Rc1 Qa5 12.Bh4 Rd8 13.Bb1 Bd7 14.Qe2 Be8 15.Rfd1 Rac8
16.a3 Qh5 17.h3 Nxd4 18.Rxd4 Rxd4 19.Bxf6 {#r} 1-0

[Event "Ch Romania"]
[Site "masterchessopen.com Predeal (Romania)"]
[Round "0"]
[White "Marin Mihail (ROM)"]
[Black "Ghinda Mihail-Viorel (ROM)"]
[Result "1-0"]
[WhiteElo "2480"]
[BlackElo "2432"]

1.d4 d5 2.c4 dxc4 3.e3 Nf6 4.Bxc4 e6 5.Nf3 c5 6.O-O a6 7.a4 Nc6 8.Qe2 cxd4
9.Rd1 Be7 10.exd4 O-O 11.Nc3 Nb4 12.Ne5 Nbd5 13.Rd3 Re8 14.Rg3 Bd7 15.Bh6 g6
16.h4 Bc6 17.h5 Nxc3 18.bxc3 Be4 19.Re1 Bf5 20.Nxf7 {#r} 1-0

[Event "Olympiad"]
[Site "masterchessopen.com Salonika (Greece)"]
[Round "0"]
[White "O'Reilly Edward (IRL)"]
[Black "Motwani Paul (SCO)"]
[Result "0-1"]
[WhiteElo "2240"]
[BlackElo "2455"]

1.d4 d5 2.Nf3 Nf6 3.c4 dxc4 4.e3 e6 5.Bxc4 c5 6.O-O a6 7.a4 Qc7 8.Qe2 Nc6
9.Nc3 Bd6 10.dxc5 Bxc5 11.e4 Ng4 12.h3 Nd4 13.hxg4 Nxe2+ 14.Bxe2 Bd7 15.e5 Bc6
16.Bf4 O-O {#R} 0-1

[Event "It \"]
[Site "masterchessopen.com Budapest (Hungary)"]
[Round "0"]
[White "Gavrikov Viktor (LTU)"]
[Black "Bass Leonid (USA)"]
[Result "1-0"]
[WhiteElo "2555"]
[BlackElo "2410"]

1.d4 d5 2.c4 dxc4 3.e3 Nf6 4.Bxc4 e6 5.Nf3 c5 6.O-O a6 7.Bd3 Nc6 8.Nc3 Be7
9.a3 O-O 10.dxc5 Bxc5 11.b4 Be7 12.Bb2 Qc7 13.Ne4 Nxe4 14.Bxe4 Bd7 15.Rc1 Rfd8
16.Ne5 Bf6 17.Bxh7+ Kxh7 18.Qh5+ Kg8 19.Qxf7+ Kh7 20.Nxc6 {#r} 1-0

[Event "Ch Chess Club"]
[Site "masterchessopen.com Long Island (USA)"]
[Round "9"]
[White "Shure Gary (USA)"]
[Black "Bonin Jay R (USA)"]
[Result "0-1"]
[WhiteElo "2230"]
[BlackElo "2400"]

1.d4 Nf6 2.Nf3 d5 3.c4 dxc4 4.e3 e6 5.Bxc4 c5 6.O-O a6 7.a4 Qc7 8.Qe2 Nc6
9.Nc3 Bd6 10.dxc5 Bxc5 11.e4 Ng4 12.g3 O-O 13.Bf4 Nce5 14.Nxe5 Nxe5 15.Ba2 Bd7
16.Rad1 Rad8 17.Qh5 f6 18.Kg2 Kh8 19.Rd2 Be8 20.Bxe5 Bxh5 21.Bxc7 Rxd2 22.Bxe6
Bf7 23.Bd5 Rxb2 24.Rd1 Rxf2+ 25.Kh3 h5 26.Rb1 g5 {#R} 0-1

[Event "It (open)"]
[Site "masterchessopen.com Metz (France)"]
[Round "0"]
[White "Roos Daniel (FRA)"]
[Black "Haik Aldo (FRA)"]
[Result "0-1"]
[WhiteElo "2405"]
[BlackElo "2390"]

1.Nf3 d5 2.d4 Nf6 3.c4 dxc4 4.e3 e6 5.Bxc4 c5 6.O-O a6 7.a3 b5 8.Bd3 Nbd7
9.Nc3 Bb7 10.Qe2 Qb8 11.dxc5 Bxc5 12.e4 Ng4 13.h3 h5 14.Nd1 Nde5 15.Bf4 Nxf3+
16.Qxf3 Ne5 17.Qg3 Bd6 18.Qxg7 Ng6 19.e5 Bf8 20.Qf6 Rg8 21.Bg3 Be7 22.Bxg6
Bxf6 23.exf6 Rg7 {#R} 0-1

[Event "It \"]
[Site "masterchessopen.com Prague (Czech Republic)"]
[Round "2"]
[White "Kolasinski Marek (POL)"]
[Black "Spacek Petr (CZE)"]
[Result "0-1"]
[WhiteElo "2206"]
[BlackElo "2398"]

1.d4 d5 2.c4 dxc4 3.Nf3 Nf6 4.e3 e6 5.Bxc4 c5 6.O-O a6 7.Qa4+ Nbd7 8.Rd1 Rb8
9.dxc5 Bxc5 10.Bd3 b5 11.Qh4 Bb7 12.a4 b4 13.Nbd2 Be7 14.Qg3 O-O 15.e4 Nh5
16.Qg4 Ndf6 17.Qh4 Qxd3 18.e5 Bxf3 19.gxf3 Qg6+ {#R} 0-1

[Event "Tournament (team)"]
[Site "masterchessopen.com Buenos Aires (Argentina)"]
[Round "0"]
[White "Marcussi Bartolome (ARG)"]
[Black "Godoy Carlos (ARG)"]
[Result "1-0"]
[WhiteElo "2230"]
[BlackElo "2133"]

1.d4 d5 2.Nf3 Nf6 3.c4 dxc4 4.e3 e6 5.Bxc4 c5 6.O-O a6 7.a4 Nc6 8.Nc3 Qc7
9.Qe2 Bd6 10.dxc5 Bxc5 11.e4 b6 12.Bg5 Be7 13.Rac1 Ng4 14.g3 Bxg5 15.Nxg5 Nge5
16.Ba2 h6 17.Nf3 Nxf3+ 18.Qxf3 O-O 19.Qe3 Re8 20.f4 Nb4 21.Nd5 Nxd5 22.exd5
Qb8 23.f5 Bd7 24.fxe6 fxe6 25.dxe6 Bxa4 26.Qe4 {#r} 1-0

[Event "It"]
[Site "masterchessopen.com Kecskemet (Hungary)"]
[Round "6"]
[White "Groszpeter Attila (HUN)"]
[Black "Videki Sandor (HUN)"]
[Result "1-0"]
[WhiteElo "2521"]
[BlackElo "2441"]

1.d4 d5 2.c4 dxc4 3.e3 Nf6 4.Bxc4 e6 5.Nf3 c5 6.O-O a6 7.a4 Nc6 8.Qe2 cxd4
9.Rd1 Be7 10.exd4 O-O 11.Nc3 Nb4 12.Bg5 Nfd5 13.Bxe7 Nxe7 14.Ne5 b6 15.Rac1
Bb7 16.Nxf7 Rxf7 17.Bxe6 Kf8 18.d5 Ng6 19.Qh5 Rf6 20.Ne4 h6 21.Nxf6 Qxf6
22.Rc7 {#r} 1-0

[Event "It (open)"]
[Site "masterchessopen.com Rome (Italy)"]
[Round "8"]
[White "Moyse Nigel John (WLS)"]
[Black "Lantini Marco (ITA)"]
[Result "0-1"]
[WhiteElo "2062"]
[BlackElo "2164"]

1.d4 d5 2.c4 dxc4 3.e3 Nf6 4.Bxc4 e6 5.Nf3 c5 6.O-O a6 7.a4 Nc6 8.Nc3 Be7
9.Qe2 cxd4 10.Rd1 O-O 11.exd4 Nd5 12.Ne4 b6 13.Bg5 Ncb4 14.Bxe7 Qxe7 15.Ne5
Bb7 16.Ra3 f5 17.Nc3 Nf4 18.Qd2 Nxg2 19.d5 Nh4 20.dxe6 f4 21.Kf1 Bg2+ 22.Ke2
Rf5 23.Ne4 Rxe5 24.f3 Bxf3+ 25.Kf2 Rxe4 26.Rxf3 Qc5+ {#R} 0-1

[Event "It (open)"]
[Site "masterchessopen.com Beijing (China)"]
[Round "0"]
[White "Eingorn Vereslav S (UKR)"]
[Black "Lin Ta (CHN)"]
[Result "1-0"]
[WhiteElo "2585"]
[BlackElo "2372"]

1.d4 d5 2.c4 dxc4 3.e3 e6 4.Bxc4 Nf6 5.Nf3 c5 6.O-O a6 7.Bd3 cxd4 8.exd4 Be7
9.Bg5 b5 10.Nc3 Nbd7 11.d5 Nc5 12.Bc2 Nxd5 13.Bxe7 Kxe7 14.Qd4 Qd6 15.b4 Nxc3
16.Qxc3 Na4 17.Bxa4 bxa4 18.Rad1 Qb6 19.Qxg7 Rf8 20.Ne5 Ra7 21.Rd3 Ke8 22.Rfd1
{#r} 1-0

[Event "Ch Poland"]
[Site "masterchessopen.com Bielsko-Biala (Poland)"]
[Round "7"]
[White "Murdzia Piotr (POL)"]
[Black "Raszka Janusz (POL)"]
[Result "1-0"]
[WhiteElo "2472"]
[BlackElo "2253"]

1.d4 d5 2.c4 dxc4 3.e3 Nf6 4.Bxc4 e6 5.Nf3 c5 6.O-O a6 7.Bd3 Nbd7 8.Nc3 Be7
9.Qe2 O-O 10.Rd1 Qc7 11.e4 cxd4 12.Nxd4 Nc5 13.Bc2 e5 14.Nf5 Ne6 15.Nd5 Nxd5
16.exd5 Nd4 17.Nxe7+ Kh8 18.Rxd4 exd4 19.Bxh7 Re8 20.Bd3 {#r} 1-0

[Event "Ch Czechoslovakia (open)"]
[Site "masterchessopen.com Bratislava (Slovakia)"]
[Round "11"]
[White "Zamecnik Frantisek (SVK)"]
[Black "Cimra Jozef (SVK)"]
[Result "1-0"]
[WhiteElo "2088"]
[BlackElo "2165"]

1.d4 d5 2.Nf3 Nf6 3.c4 dxc4 4.e3 e6 5.Bxc4 c5 6.O-O a6 7.a4 Nc6 8.Nc3 cxd4
9.exd4 Be7 10.Bg5 O-O 11.Re1 Bd7 12.Qe2 Rc8 13.Rad1 Nb4 14.d5 Rxc4 15.Qxc4
Nbxd5 16.Ne5 Re8 17.Bxf6 Nxf6 18.Nxd7 Nxd7 19.Rd3 Kf8 20.Qe4 {#r} 1-0

[Event "It (open)"]
[Site "masterchessopen.com Groningen (Netherlands)"]
[Round "0"]
[White "Dizdar Goran (CRO)"]
[Black "Sulypa Alexandre (UKR)"]
[Result "1-0"]
[WhiteElo "2530"]
[BlackElo "2380"]

1.d4 d5 2.Nf3 Nf6 3.c4 dxc4 4.e3 e6 5.Bxc4 c5 6.O-O a6 7.Bd3 Be7 8.Nc3 O-O
9.dxc5 Bxc5 10.e4 Nc6 11.e5 Nb4 12.exf6 Qxd3 13.fxg7 Kxg7 14.Bh6+ Kxh6 15.Qc1+
Be3 16.fxe3 Nc2 17.Rf2 Nxa1 18.e4+ Kg7 19.Qg5+ Kh8 20.Qh6 {#r} 1-0

[Event "Ch Hungary (team)"]
[Site "masterchessopen.com Hungary"]
[Round "0"]
[White "Petran Pal (HUN)"]
[Black "Schrancz Istvan (HUN)"]
[Result "1-0"]
[WhiteElo "2384"]
[BlackElo "2270"]

1.d4 d5 2.Nf3 Nf6 3.c4 dxc4 4.e3 e6 5.Bxc4 c5 6.O-O a6 7.a4 Nc6 8.Qe2 cxd4
9.Rd1 Be7 10.exd4 O-O 11.Nc3 Nb4 12.Bg5 b6 13.Ne5 Bb7 14.Rac1 Nfd5 15.Bd2 Bg5
16.Ne4 Bxd2 17.Qxd2 Qe7 18.Bb3 Nf6 19.Nxf6+ gxf6 20.Ng4 f5 21.Rc7 {#r} 1-0

[Event "Ch Quebec"]
[Site "masterchessopen.com Quebec (Canada)"]
[Round "1"]
[White "Lesiege Alexandre (CAN)"]
[Black "Gravel Simon (CAN)"]
[Result "1-0"]
[WhiteElo "2528"]
[BlackElo "2265"]

1.d4 d5 2.c4 dxc4 3.Nf3 Nf6 4.e3 e6 5.Bxc4 c5 6.O-O a6 7.Nc3 Nc6 8.a4 Be7
9.Qe2 cxd4 10.Rd1 O-O 11.exd4 Nb4 12.Ne5 Nbd5 13.Rd3 Nxc3 14.bxc3 Nd5 15.Rh3
g6 16.Qd2 Nf6 17.Qh6 Re8 18.g4 Bf8 19.Qf4 Bd6 20.Rf3 Bxe5 21.dxe5 Nd5 22.Qxf7+
Kh8 23.Rh3 {#r} 1-0

[Event "It"]
[Site "masterchessopen.com Baden-Baden (Germany)"]
[Round "0"]
[White "Boensch Uwe (GER)"]
[Black "Huebner Robert Dr (GER)"]
[Result "1-0"]
[WhiteElo "2490"]
[BlackElo "2630"]

1.d4 d5 2.c4 dxc4 3.Nf3 Nf6 4.e3 e6 5.Bxc4 c5 6.O-O a6 7.b3 Nc6 8.Bb2 Bd6
9.dxc5 Bxc5 10.Qxd8+ Kxd8 11.Nbd2 Ke7 12.Rac1 Bb4 13.Be2 Bd7 14.Nc4 Rad8 15.a3
Bc5 16.Nce5 Nxe5 17.Rxc5 Nc6 18.a4 Rc8 19.Ba3 Ke8 20.Rfc1 Nd5 21.Ne5 Rb8
22.Nc4 Kd8 23.Nd6 Be8 24.e4 Nf4 25.Bf1 {#r} 1-0

[Event "Ch Yugoslavia (team)"]
[Site "masterchessopen.com Cetinje (Montenegro)"]
[Round "0"]
[White "Ristic Nenad (SRB)"]
[Black "Drasko Milan (MNE)"]
[Result "0-1"]
[WhiteElo "2420"]
[BlackElo "2478"]

1.d4 Nf6 2.Nf3 d5 3.c4 dxc4 4.e3 e6 5.Bxc4 c5 6.O-O a6 7.Bb3 Nc6 8.Qe2 Qc7
9.Nc3 Bd6 10.dxc5 Bxc5 11.e4 Ng4 12.e5 Ngxe5 13.Ne4 Nxf3+ 14.Qxf3 Nd4 15.Ba4+
b5 16.Qd3 Bb7 17.Be3 Rd8 18.Bg5 f6 19.Rac1 Bxe4 20.Qxe4 fxg5 21.Bd1 Qd6
22.Bh5+ g6 23.Bxg6+ hxg6 24.Qxg6+ Kd7 25.Qg7+ Kc6 26.h3 Nf3+ {#R} 0-1

[Event "Memorial Klar (corr.)"]
[Site "masterchessopen.com corr."]
[Round "0"]
[White "Barczay Laszlo (HUN)"]
[Black "Borwell Alan P (SCO)"]
[Result "1-0"]
[WhiteElo "2381"]
[BlackElo "2085"]

1.d4 d5 2.c4 dxc4 3.Nf3 Nf6 4.e3 e6 5.Bxc4 c5 6.O-O a6 7.a4 cxd4 8.exd4 Nc6
9.Nc3 Be7 10.Be3 O-O 11.Qe2 b6 12.Rad1 Nb4 13.Ne5 Bb7 14.f4 g6 15.f5 exf5
16.Bh6 Nbd5 17.Bxf8 Bxf8 18.g4 Bh6 19.Rd3 Nf4 20.Rxf4 Bxf4 21.gxf5 Nd5 22.Qg2
Ne3 23.Qxb7 Ra7 24.Nxf7 Bxh2+ 25.Kh1 Qh4 26.Qc8+ {#r} 1-0

[Event "Cup Arnold"]
[Site "masterchessopen.com Gausdal (Norway)"]
[Round "0"]
[White "Gausel Einar (NOR)"]
[Black "Kristiansen Erling (NOR)"]
[Result "1-0"]
[WhiteElo "2485"]
[BlackElo "2295"]

1.d4 d5 2.c4 dxc4 3.Nf3 Nf6 4.e3 e6 5.Bxc4 c5 6.O-O a6 7.Bd3 Nc6 8.Qe2 Nb4
9.Rd1 Nxd3 10.Rxd3 Bd7 11.Nc3 Qc7 12.e4 cxd4 13.Nxd4 Bd6 14.Bg5 Bxh2+ 15.Kh1
Bf4 16.Bxf6 gxf6 17.Rad1 Rd8 18.Qh5 Qe5 19.Qh3 Qg5 20.Nxe6 Bxe6 21.Rxd8+ Ke7
22.R1d7+ {#r} 1-0

[Event "It (open)"]
[Site "masterchessopen.com Karvina (Czech Republic)"]
[Round "6"]
[White "Borulya Ekaterina (GER)"]
[Black "Fominyh Alexander (RUS)"]
[Result "0-1"]
[WhiteElo "2308"]
[BlackElo "2479"]

1.d4 Nf6 2.Nf3 d5 3.c4 dxc4 4.e3 e6 5.Bxc4 c5 6.O-O a6 7.Bb3 Nbd7 8.Nc3 b5
9.d5 c4 10.dxe6 fxe6 11.Bc2 Bb7 12.e4 Qc7 13.Ng5 Nc5 14.Be3 h6 15.Nh3 Bd6
16.f4 O-O-O 17.Qe2 Ncxe4 18.Nxe4 Nxe4 19.a4 Nf6 20.axb5 axb5 21.b3 Nd5 22.Bd4
Bc5 23.Qxe6+ Kb8 24.Qe5 Qxe5 {#R} 0-1

[Event "Memorial M.Tal"]
[Site "masterchessopen.com Moscow (Russia)"]
[Round "7"]
[White "Malaniuk Vladimir P (UKR)"]
[Black "Yakovich Yuri (RUS)"]
[Result "0-1"]
[WhiteElo "2496"]
[BlackElo "2525"]

1.d4 d5 2.c4 dxc4 3.e3 Nf6 4.Bxc4 e6 5.Nf3 c5 6.O-O a6 7.a4 Nc6 8.Qe2 cxd4
9.Rd1 Be7 10.exd4 O-O 11.Nc3 Nd5 12.Qe4 Nf6 13.Qe2 Nd5 14.Bd3 Ncb4 15.Bb1 b6
16.Ne5 Bb7 17.Ne4 f5 18.Nc3 Rc8 19.Ra3 Nc2 20.Ra2 Nxd4 21.Qe1 Nb3 22.Nf3 Nxc1
23.Rxc1 Nf4 24.Qe3 Qc7 25.Ra1 Bc5 {#R} 0-1

[Event "It (b)"]
[Site "masterchessopen.com Budapest (Hungary)"]
[Round "0"]
[White "Eperjesi Laszlo Dr (HUN)"]
[Black "Ben-Menachem Itzhak (ISR)"]
[Result "0-1"]
[WhiteElo "2199"]
[BlackElo "2313"]

1.d4 d5 2.c4 dxc4 3.Nf3 Nf6 4.e3 e6 5.Bxc4 c5 6.O-O a6 7.a4 cxd4 8.exd4 Nc6
9.Nc3 Be7 10.Re1 O-O 11.Bg5 Nb4 12.Ne5 Nfd5 13.Bxe7 Nxe7 14.Ra3 b6 15.Qd2 a5
16.Ne4 Nf5 {#R} 0-1